Textbook of mass communication (Record no. 153532)

MARC details
000 -LEADER
fixed length control field 00723nam a22002057a 4500
005 - DATE AND TIME OF LATEST TRANSACTION
control field 20180726150454.0
010 ## - LCCN (DPL NO)
LC control number B-216571
020 ## - INTERNATIONAL STANDARD BOOK NUMBER
International Standard Book Number 8131300633
Terms of availability 695.00
035 ## - SYSTEM CONTROL NUMBER
System control number B-216571, B-216567
037 ## - SOURCE OF ACQUISITION
Source of stock number/acquisition A.P.H. Publishing Corporation
082 ## - DEWEY DECIMAL CLASSIFICATION NUMBER
Classification number 302.23
100 ## - MAIN ENTRY--PERSONAL NAME
Personal name Singh, J.K.
245 ## - TITLE STATEMENT
Title Textbook of mass communication
Statement of responsibility, etc J.K. Singh
260 ## - PUBLICATION, DISTRIBUTION, ETC. (IMPRINT)
Place of publication, distribution, etc New Delhi
Name of publisher, distributor, etc A.P.H. Publishing Corporation
Date of publication, distribution, etc 2007
270 ## - ADDRESS
Address 5 Ansari road, Darya Ganj New Delhi-110002
City New Delhi
Postal code 110002
300 ## - PHYSICAL DESCRIPTION
Extent 274.00
Dimensions 22cm(hb)
500 ## - GENERAL NOTE
General note It contain index
942 ## - ADDED ENTRY ELEMENTS (KOHA)
Source of classification or shelving scheme Dewey Decimal Classification
Item type English Books
Classification part 302.23
Call number suffix JIT
Holdings
Withdrawn status Lost status Not for loan Collection code Home library Current library Date acquired Full call number Barcode Koha item type Source of acquisition Cost, normal purchase price Cost, replacement price
        Kadipur Kadipur 21/08/2019 302.23 JIT B-216580 English Books BPPD/PUB 695.00 250.00
      Non-fiction Patel Nagar Patel Nagar 26/07/2018 302.23 JIT B-216567 English Books BPPD/PUB 0.00 0.00
      Non-fiction Sarojini Nagar Sarojini Nagar 06/07/2018 302.23 JIT B-216571 English Books      
      Non-fiction Yojana Vihar Yojana Vihar 11/07/2019 302.23 JIT B-216582 English Books BPPD/PUB 695.00 695.00

© Delhi Public Library
Hit Counter
free hit counter